000 03140cam a2200433 i 4500
001 sky309360449
003 SKY
005 20240702161931.0
008 240613s2024 nyu e 000 1 eng d
010 _abl2024013402
020 _a9780063283091
_qhc.
020 _a0063283093
_qhc.
040 _aNjBwBT
_beng
_cNjBwBT
_erda
_dGCmBT
_dSKYRV
_dCoLov
043 _an-us---
050 _aPS
082 0 4 _a813/.54
_223/eng/20240613
092 _afiction
100 1 _aCoulter, Catherine,
_eauthor.
_915458
245 1 0 _aFlashpoint /
_cCatherine Coulter.
250 _aFirst edition.
264 1 _aNew York :
_bWilliam Morrow, an imprint of HarperCollinsPublishers,
_c[2024]
300 _a389 pages ;
_c24 cm.
336 _atext
337 _aunmediated
338 _avolume
490 1 _aAn FBI thriller ;
_v27.
520 _a"Agents Savich and Sherlock are back in the latest installment in Catherine Coulter's #1 New York Times bestselling FBI Thriller series, where the past refuses to stay buried. A year has passed since Elizabeth Palmer was nearly killed with hundreds more in the attempted bombing of St. Paul's in London, believed to be a terrorist act until the police discovered it was a cover for something even more sinister. For Elizabeth, life is finally back to normal. She's optimistic, her painting is getting accolades, when suddenly her world changes in a flash. With three new attempts on her life, and her connection to the terrorist attack, MI-5 gets involved to find out who is trying to kill her and why. Autumn Backman, twelve years old, begrudgingly accepts a summer job to shepherd Tash Navarro, a shy, bullied little boy. He's staying with his uncle while his father and stepmother go on a honeymoon in Europe. Then the unexpected happens. Autumn learns Tash is gifted psychically, like her, and Tash's father, Archer Navarro, is suspected of embezzling from his own firm. The FBI and Interpol are on the case, but Archer and his new wife have disappeared. Tash is scared and convinced his father needs help, so Autumn reaches out to Dillon Savich, the only person she knows who can find them. Desperate for answers, Elizabeth flies to Washington, D.C., to seek out Savich and Sherlock and is assigned Special Agent Rome Foxe for protection. With deadly assailants in terrifying pursuit, Elizabeth and Rome soon find themselves neck deep in danger and in a race for survival. Buckle up for a nonstop, action-packed thriller from the one and only Catherine Coulter"--
610 1 0 _aUnited States.
_bFederal Bureau of Investigation
_xOfficials and employees
_vFiction.
_95674252
650 0 _aSavich, Dillon (Fictitious character)
_vFiction.
_95683703
650 0 _aSherlock, Lacey (Fictitious character)
_vFiction.
_95683702
650 0 _aPsychic ability
_vFiction.
_95673859
650 0 _aPainters
_vFiction.
_95725169
650 0 _aTerrorism
_vFiction.
_95674384
655 7 _aThrillers (Fiction).
_2lcgft.
655 7 _aNovels.
_2lcgft.
800 1 _aCoulter, Catherine.
_tFBI thrillers ;
_v27.
_974051
907 _a.b490194382
942 _2ddc
_cBOOK
999 _c398136
_d398136